000 00470cam a2200181 4500
001 D11641
008 090401t1968 xxu||||| |||| 00| 0 eng d
035 _a(Sirsi) u98735
041 _aeng
050 _a333.33
100 _aTaylor, Michael Foster
245 4 _aThe Chartered Surveyor in the development process
260 _c1968
350 _a0
520 _aIn: RICS. Estates Gazette: a supplement, 8th June 1968. 1968/53
942 _n0
948 _c04/03/1997
999 _c99228
_d99228